Présidents de la république de Côte d'Ivoire - Statistiques

Statistiques générales
  • Ce quiz a été pris 179 fois
  • Le résultat moyen est 4 sur 5
Statistiques - réponses
Hint Réponse % Correct
1960-1993 Félix Houphouët-Boigny
96%
Depuis 2011 Alassane Ouattara
93%
2000-2011 Laurent Gbagbo
90%
1993-1999 Henri Konan Bédié
84%
1999-2000 Robert Guéï
75%
Aucun quiz correspondant
Distribution des résultats
% des personnes avec chaque résultat
Percentile par nombre de réponses
Votre historique - résultats
Vous n’avez pas pris ce quiz